书目信息 |
| 题名: |
21世纪的人道主义
|
|
| 作者: | 保罗·库尔兹 ;肖峰 | |
| 分册: | ||
| 出版信息: | 北京 东方出版社 1998 |
|
| 页数: | 413 | |
| 开本: | 20cm | |
| 丛书名: | ||
| 单 册: | ||
| 中图分类: | D73 | |
| 科图分类: | ||
| 主题词: | 政治 | |
| 电子资源: | ||
| ISBN: | 7-5060-0950-1 | |
| 000 | 00561nam0 2200193 450 | |
| 001 | 0735257515 | |
| 005 | 20070904094737.51 | |
| 010 | @a7-5060-0950-1@d20 | |
| 100 | @a20070904d km y0chiy0120 ea | |
| 101 | 0 | @achi |
| 200 | 1 | @a21世纪的人道主义@A21 shi ji de ren dao zhu yi@f保罗.库尔兹@Fbao luo.ku er zi@g肖峰等@Gxiao feng deng |
| 210 | @a北京@c东方出版社@d1998 | |
| 215 | @a413@d20cm | |
| 606 | 0 | @a政治 |
| 690 | @aD73@v3 | |
| 701 | 0 | @a保罗·库尔兹@Abao luo·ku er zi |
| 702 | 0 | @a肖峰@Axiao feng |
| 801 | 0 | @aCN@bPFT@c20070904 |
| 905 | @a213230@dD73@ea1@f1 | |
| 21世纪的人道主义/保罗.库尔兹/肖峰等.-北京:东方出版社,1998 |
| 413;20cm |
| ISBN 7-5060-0950-1:20 |
| ● |
| 相关链接 |
|
|
|
|
正题名:21世纪的人道主义
索取号:D73/a1
 
预约/预借
| 序号 | 登录号 | 条形码 | 馆藏地/架位号 | 状态 | 备注 |
| 1 | 7501774 | 275017740 | 史法系资料室/ [索取号:D73/a1] | 在馆 |